000 00563nam a2200241Ia 4500
005 20260306150146.0
008 008 260114s9999 xx 000 0 eng d
020 _a9781442696303
037 _aEbook
040 _aCRL
040 _beng
040 _cCRL
041 _2eng
041 _aeng
084 _qCRL
245 4 _aThe Agon of Interpretations
260 _bUniversity of Toronto Press
260 _c2014
650 _aPhilosophy
856 _uhttps://www.degruyter.com/isbn/9781442696303
942 _cEBOOK
999 _c1694306
_d1694306